000
00286nam a2200121Ia 4500
008
231219s9999 xx 000 0 und d
041
_a
eng
100
_a
Gladwell Malcolm
245
_a
The Tipping Point
260
_b
Abacus Publication London
300
_a
279
650
_a
Management
999
_c
986722
_d
986722